| 000 | 00469nam a22001817a 4500 | ||
|---|---|---|---|
| 003 | NUST | ||
| 005 | 20260216160206.0 | ||
| 008 | 260216b ||||| |||| 00| 0 eng d | ||
| 020 | _a978-969-8535-15-5 | ||
| 082 |
_a297 _bAMJ |
||
| 100 |
_aAmjad Ali Bhatti. _9133262 |
||
| 245 |
_aIslam Ka Khanadani Nizam / _cAmjad Ali Bhatti. |
||
| 260 |
_aPakistan: _bNUST Press, _c2015. |
||
| 300 |
_a452 p ; _c26.3 cm |
||
| 546 | _aUrdu | ||
| 563 | _aHardcover | ||
| 942 |
_2ddc _cBK |
||
| 999 |
_c616221 _d616221 |
||